00556nam a2200181 i 4500001000300000100002300003245004500026260002100071490003600092650001400128655003000142830003000172040000800202041000800210080001700218008004100235856009800276bg1 aENGELKING, Ryszard 0aTopologia ogólna /cRyszard Engelking. aWarszawa,c1976.1 aBiblioteka Matematyczna ;vt.47 9aTopologia aPodręczniki akademickie aBiblioteka Matematyczna ; cBPK apol a515.1(075.8) s pl f |000 0 pol  uhttp://koha.tu.koszalin.pl/cgi-bin/koha/opac-detail.pl?biblionumber=27492yKatalog online BPK